000 00579nam a22001577a 4500
999 _c535232
_d535232
020 _qHard Cover.
082 _a624.1
100 _aMuhammad Farhan Arshad.
245 _aContractual Risks of Building Information Modeling: Towards a Standardized Legal Framework /
_cMuhammad Farhan Arshad.
260 _aIslamabad:
_bNIT NUST,
_c2018.
300 _a47 p. :
_bill. ;
_c30cm.
942 _2ddc
_cTHE
650 _aConstruction Engineering and Management MS-Thesis.
_917023
700 _aDr. Muhammad Jamaluddin Thaheem
_916295